KOHA-Header-6

Introduction to Data Communications and Networking (Record no. 11326)

000 -LEADER
fixed length control field 00285nam a2200109Ia 4500
100 ## - MAIN ENTRY--AUTHOR NAME
Personal name Wayne Tomasi
245 #0 - TITLE STATEMENT
Title Introduction to Data Communications and Networking
260 ## - PUBLICATION, DISTRIBUTION, ETC. (IMPRINT)
Place of publication New Jersey
Name of publisher Willey
Year of publication 2000
300 ## - PHYSICAL DESCRIPTION
Number of Pages 278
942 ## - ADDED ENTRY ELEMENTS (KOHA)
Koha item type Books

No items available.

Powered by Koha